000 01248nam a22002657a 4500
005 20090116164554.0
008 090116t xxu||||| |||| 00| 0 hin d
010 _aHIN-92513
020 _a9788170561750
_c400.00
035 _aHN-64859
037 _bDBAD / PUB
040 _aDPL
_bHN
082 _a954
100 _aशर्मा, कालूराम
_927526
245 _aभारत का इतिहास एवं संस्कृतिः
_cकालूराम शर्मा एवं प्रकाश व्यास
_b1527 ई. से 1947 ई. तक /
250 _a2रा संस्क
260 _aजयपुर
_bपंचशील प्रकाशन
_c2011
270 _aफिल्म कालोनी, चौड़ा रास्ता
_bजयपुर
_e302003
_k0141- 2315072
_l5113854
_minfo@panchsheelprakashan.com
300 _a248पृ.
_c22सेमी (सजिल्द)
650 _91169
650 _91170
700 _aप्रकाश व्यास
_927533
942 _2ddc
_cHN
_mशर्माका
_h954
999 _c52031
_d52031